Catalogue of coordinates and satellites of the middle Egyptian verb : materials for Egyptian grammar /
محفوظ في:
المؤلف الرئيسي:
التنسيق: كتاب
اللغة: English
منشور في:
Leuven :
Uitgeverij Peeters,
1996.
الموضوعات:
الوسوم: إضافة وسم
لا توجد وسوم, كن أول من يضع وسما على هذه التسجيلة!
رقم الطلب: PJ1181 .D43 1996
| LEADER | 00697nam a22002057a 4500 | ||
|---|---|---|---|
| 003 | OSt | ||
| 005 | 20251013130505.0 | ||
| 008 | 251013t1996 be b 001 0 eng u | ||
| 020 | |a 9068317903 | ||
| 040 | |c ARCE Library | ||
| 050 | 1 | 4 | |a PJ1181 |b .D43 1996 |
| 100 | 1 | |a Depuydt, Leo. | |
| 245 | 1 | 0 | |a Catalogue of coordinates and satellites of the middle Egyptian verb : |b materials for Egyptian grammar / |c by Leo Depuydt. |
| 264 | 1 | |a Leuven : |b Uitgeverij Peeters, |c 1996. | |
| 300 | |a xxiv, 244, 12 p. ; |c 19 cm. + |e 1 booklet. | ||
| 504 | |a Includes bibliographical references (p. 213-220) and indexes. | ||
| 650 | 0 | |a Egyptian language -- Verb. | |
| 901 | |a reviewed | ||
| 942 | |2 lcc |c BK | ||
| 999 | |c 49484 |d 49484 | ||
